000 00521nam a22001937a 4500
005 20260515115116.0
008 250913b |||||||| |||| 00| 0 eng d
040 _aIN-DiNC
_cIN-DiNC
041 _deng
082 _a657
_bBAN
100 _aBanik, GG
_eauthor
245 _aFundamentals of Accounting (first semester)/
_cby GG Banik and N Goswami
250 _a1st ed.
260 _aGuwahati:
_bAssam book depot,
_c2023.
300 _a303p.
650 _aAccounting
700 _aGoswami, N
_eauthor
942 _2ddc
_cBK
999 _c12241
_d12241